<?xml version="1.0" encoding="UTF-8"?>
<record
    xmlns:xsi="http://www.w3.org/2001/XMLSchema-instance"
    xsi:schemaLocation="http://www.loc.gov/MARC21/slim http://www.loc.gov/standards/marcxml/schema/MARC21slim.xsd"
    xmlns="http://www.loc.gov/MARC21/slim">

  <leader>01561nam a2200505uu 4500</leader>
  <controlfield tag="001">1069392</controlfield>
  <controlfield tag="005">20260507082818.0</controlfield>
  <controlfield tag="008">080225s2003                        fre  </controlfield>
  <datafield tag="035" ind1=" " ind2=" ">
    <subfield code="a">1069392</subfield>
  </datafield>
  <datafield tag="035" ind1=" " ind2=" ">
    <subfield code="a">(OCoLC)777685751</subfield>
  </datafield>
  <datafield tag="040" ind1=" " ind2=" ">
    <subfield code="c">comduadb</subfield>
  </datafield>
  <datafield tag="041" ind1=" " ind2=" ">
    <subfield code="a">fre</subfield>
  </datafield>
  <datafield tag="080" ind1=" " ind2=" ">
    <subfield code="a">WL</subfield>
  </datafield>
  <datafield tag="110" ind1="2" ind2="0">
    <subfield code="a">Elsevier</subfield>
    <subfield code="4">edt</subfield>
    <subfield code="e">edt</subfield>
    <subfield code="9">832504</subfield>
  </datafield>
  <datafield tag="245" ind1="1" ind2="0">
    <subfield code="a">Encyclopedie medico chirurgicale : Neurologie</subfield>
  </datafield>
  <datafield tag="260" ind1=" " ind2=" ">
    <subfield code="a">Francia :</subfield>
    <subfield code="b">Editions Techniques,</subfield>
    <subfield code="c">&#xA9;2003.</subfield>
  </datafield>
  <datafield tag="300" ind1=" " ind2=" ">
    <subfield code="a">7 v + 1 indice</subfield>
  </datafield>
  <datafield tag="650" ind1=" " ind2="7">
    <subfield code="a">Neurolog&#xED;a</subfield>
    <subfield code="2">dcs</subfield>
    <subfield code="9">8072</subfield>
  </datafield>
  <datafield tag="650" ind1=" " ind2="7">
    <subfield code="a">Psiquiatr&#xED;a</subfield>
    <subfield code="2">armarc</subfield>
    <subfield code="9">1792</subfield>
  </datafield>
  <datafield tag="650" ind1=" " ind2="7">
    <subfield code="a">Ciencias m&#xE9;dicas</subfield>
    <subfield code="2">lemb</subfield>
    <subfield code="9">17217</subfield>
  </datafield>
  <datafield tag="650" ind1=" " ind2=" ">
    <subfield code="a">Medicina - Diccionarios y enciclopedias</subfield>
    <subfield code="9">21137</subfield>
  </datafield>
  <datafield tag="650" ind1=" " ind2="7">
    <subfield code="a">Neurofisiolog&#xED;a</subfield>
    <subfield code="2">lemb</subfield>
    <subfield code="9">10152</subfield>
  </datafield>
  <datafield tag="650" ind1=" " ind2="7">
    <subfield code="a">Neuronas</subfield>
    <subfield code="2">lemb</subfield>
    <subfield code="9">24073</subfield>
  </datafield>
  <datafield tag="650" ind1=" " ind2="7">
    <subfield code="a">Cerebro</subfield>
    <subfield code="2">lemb</subfield>
    <subfield code="9">5206</subfield>
  </datafield>
  <datafield tag="650" ind1=" " ind2=" ">
    <subfield code="a">Circulacion cerebrovascular</subfield>
    <subfield code="9">23071</subfield>
  </datafield>
  <datafield tag="650" ind1=" " ind2=" ">
    <subfield code="a">Enfermedades del cerebro</subfield>
    <subfield code="9">1433</subfield>
  </datafield>
  <datafield tag="650" ind1=" " ind2=" ">
    <subfield code="a">Enfermedades neurol&#xF3;gicas</subfield>
    <subfield code="9">74489</subfield>
  </datafield>
  <datafield tag="650" ind1=" " ind2="7">
    <subfield code="a">Afasia</subfield>
    <subfield code="2">lemb</subfield>
    <subfield code="9">451</subfield>
  </datafield>
  <datafield tag="650" ind1=" " ind2="7">
    <subfield code="a">Anatom&#xED;a</subfield>
    <subfield code="2">dcs</subfield>
    <subfield code="9">4276</subfield>
  </datafield>
  <datafield tag="650" ind1=" " ind2=" ">
    <subfield code="a">Apraxia</subfield>
    <subfield code="9">23074</subfield>
  </datafield>
  <datafield tag="650" ind1=" " ind2="7">
    <subfield code="a">Fisiopatolog&#xED;a</subfield>
    <subfield code="2">lemb</subfield>
    <subfield code="9">13532</subfield>
  </datafield>
  <datafield tag="650" ind1=" " ind2="7">
    <subfield code="a">Alcoholismo</subfield>
    <subfield code="2">embne</subfield>
    <subfield code="9">1602</subfield>
  </datafield>
  <datafield tag="650" ind1=" " ind2=" ">
    <subfield code="a">&#xCD;ndices</subfield>
    <subfield code="9">19629</subfield>
  </datafield>
  <datafield tag="650" ind1=" " ind2=" ">
    <subfield code="a">Angiografia</subfield>
    <subfield code="9">47544</subfield>
  </datafield>
  <datafield tag="650" ind1=" " ind2=" ">
    <subfield code="a">Imagen</subfield>
    <subfield code="9">22705</subfield>
  </datafield>
  <datafield tag="650" ind1=" " ind2="7">
    <subfield code="a">Enfermedad de Parkinson</subfield>
    <subfield code="2">dcs</subfield>
    <subfield code="9">49728</subfield>
  </datafield>
  <datafield tag="650" ind1=" " ind2=" ">
    <subfield code="a">Anatom&#xED;a patol&#xF3;gica</subfield>
    <subfield code="9">44285</subfield>
  </datafield>
  <datafield tag="650" ind1=" " ind2=" ">
    <subfield code="a">Hemorragia</subfield>
    <subfield code="9">9080</subfield>
  </datafield>
  <datafield tag="650" ind1=" " ind2=" ">
    <subfield code="a">Hidrocefalia</subfield>
    <subfield code="9">37221</subfield>
  </datafield>
  <datafield tag="650" ind1=" " ind2=" ">
    <subfield code="a">Meningitis</subfield>
    <subfield code="9">37122</subfield>
  </datafield>
  <datafield tag="650" ind1=" " ind2="7">
    <subfield code="a">Citolog&#xED;a</subfield>
    <subfield code="2">dcs</subfield>
    <subfield code="9">175765</subfield>
  </datafield>
  <datafield tag="650" ind1=" " ind2="7">
    <subfield code="a">Histolog&#xED;a</subfield>
    <subfield code="2">dcs</subfield>
    <subfield code="9">4848</subfield>
  </datafield>
  <datafield tag="650" ind1=" " ind2="7">
    <subfield code="a">Sistema nervioso</subfield>
    <subfield code="2">dcs</subfield>
    <subfield code="9">695</subfield>
  </datafield>
  <datafield tag="942" ind1=" " ind2=" ">
    <subfield code="c">BOOK</subfield>
  </datafield>
  <datafield tag="999" ind1=" " ind2=" ">
    <subfield code="c">453417</subfield>
    <subfield code="d">453417</subfield>
  </datafield>
  <datafield tag="952" ind1=" " ind2=" ">
    <subfield code="0">0</subfield>
    <subfield code="1">0</subfield>
    <subfield code="4">0</subfield>
    <subfield code="7">0</subfield>
    <subfield code="8">HIS. MEDIC</subfield>
    <subfield code="a">BM</subfield>
    <subfield code="b">BM</subfield>
    <subfield code="d">2008-02-25</subfield>
    <subfield code="e">Material adquirido por donaci&#xF3;n</subfield>
    <subfield code="i">C990233</subfield>
    <subfield code="l">0</subfield>
    <subfield code="o">WL100 E5-03 v2</subfield>
    <subfield code="p">0721014</subfield>
    <subfield code="r">2023-04-27 00:00:00</subfield>
    <subfield code="t">1</subfield>
    <subfield code="w">2023-04-27</subfield>
    <subfield code="y">BOOKI</subfield>
  </datafield>
  <datafield tag="952" ind1=" " ind2=" ">
    <subfield code="0">0</subfield>
    <subfield code="1">0</subfield>
    <subfield code="4">0</subfield>
    <subfield code="7">0</subfield>
    <subfield code="8">HIS. MEDIC</subfield>
    <subfield code="a">BM</subfield>
    <subfield code="b">BM</subfield>
    <subfield code="d">2008-02-25</subfield>
    <subfield code="e">Material adquirido por donaci&#xF3;n</subfield>
    <subfield code="i">C990234</subfield>
    <subfield code="l">0</subfield>
    <subfield code="o">WL100 E5-03 v3</subfield>
    <subfield code="p">0721012</subfield>
    <subfield code="r">2023-04-27 00:00:00</subfield>
    <subfield code="t">2</subfield>
    <subfield code="w">2023-04-27</subfield>
    <subfield code="y">BOOKI</subfield>
  </datafield>
  <datafield tag="952" ind1=" " ind2=" ">
    <subfield code="0">0</subfield>
    <subfield code="1">0</subfield>
    <subfield code="4">0</subfield>
    <subfield code="7">0</subfield>
    <subfield code="8">HIS. MEDIC</subfield>
    <subfield code="a">BM</subfield>
    <subfield code="b">BM</subfield>
    <subfield code="d">2008-02-25</subfield>
    <subfield code="e">Material adquirido por donaci&#xF3;n</subfield>
    <subfield code="i">C990235</subfield>
    <subfield code="l">0</subfield>
    <subfield code="o">WL100 E5-03 v4</subfield>
    <subfield code="p">0721015</subfield>
    <subfield code="r">2023-04-27 00:00:00</subfield>
    <subfield code="t">3</subfield>
    <subfield code="w">2023-04-27</subfield>
    <subfield code="y">BOOKI</subfield>
  </datafield>
  <datafield tag="952" ind1=" " ind2=" ">
    <subfield code="0">0</subfield>
    <subfield code="1">0</subfield>
    <subfield code="4">0</subfield>
    <subfield code="7">0</subfield>
    <subfield code="8">HIS. MEDIC</subfield>
    <subfield code="a">BM</subfield>
    <subfield code="b">BM</subfield>
    <subfield code="d">2008-02-25</subfield>
    <subfield code="e">Material adquirido por donaci&#xF3;n</subfield>
    <subfield code="i">C990236</subfield>
    <subfield code="l">0</subfield>
    <subfield code="o">WL100 E5-03 v5</subfield>
    <subfield code="p">0721016</subfield>
    <subfield code="r">2023-04-27 00:00:00</subfield>
    <subfield code="t">4</subfield>
    <subfield code="w">2023-04-27</subfield>
    <subfield code="y">BOOKI</subfield>
  </datafield>
  <datafield tag="952" ind1=" " ind2=" ">
    <subfield code="0">0</subfield>
    <subfield code="1">0</subfield>
    <subfield code="4">0</subfield>
    <subfield code="7">0</subfield>
    <subfield code="8">HIS. MEDIC</subfield>
    <subfield code="a">BM</subfield>
    <subfield code="b">BM</subfield>
    <subfield code="d">2008-02-25</subfield>
    <subfield code="e">Material adquirido por donaci&#xF3;n</subfield>
    <subfield code="i">C990237</subfield>
    <subfield code="l">0</subfield>
    <subfield code="o">WL100 E5-03 v6</subfield>
    <subfield code="p">0721017</subfield>
    <subfield code="r">2023-04-27 00:00:00</subfield>
    <subfield code="t">5</subfield>
    <subfield code="w">2023-04-27</subfield>
    <subfield code="y">BOOKI</subfield>
  </datafield>
  <datafield tag="952" ind1=" " ind2=" ">
    <subfield code="0">0</subfield>
    <subfield code="1">0</subfield>
    <subfield code="4">0</subfield>
    <subfield code="7">0</subfield>
    <subfield code="8">HIS. MEDIC</subfield>
    <subfield code="a">BM</subfield>
    <subfield code="b">BM</subfield>
    <subfield code="d">2008-02-25</subfield>
    <subfield code="e">Material adquirido por donaci&#xF3;n</subfield>
    <subfield code="i">C990238</subfield>
    <subfield code="l">0</subfield>
    <subfield code="o">WL100 E5-03 v7</subfield>
    <subfield code="p">0721018</subfield>
    <subfield code="r">2023-04-27 00:00:00</subfield>
    <subfield code="t">6</subfield>
    <subfield code="w">2023-04-27</subfield>
    <subfield code="y">BOOKI</subfield>
  </datafield>
  <datafield tag="952" ind1=" " ind2=" ">
    <subfield code="0">0</subfield>
    <subfield code="1">0</subfield>
    <subfield code="4">0</subfield>
    <subfield code="7">0</subfield>
    <subfield code="8">HIS. MEDIC</subfield>
    <subfield code="a">BM</subfield>
    <subfield code="b">BM</subfield>
    <subfield code="d">2008-02-25</subfield>
    <subfield code="e">Material adquirido por donaci&#xF3;n</subfield>
    <subfield code="i">C990239</subfield>
    <subfield code="l">0</subfield>
    <subfield code="o">WL100 E5-03 indice</subfield>
    <subfield code="p">0721019</subfield>
    <subfield code="r">2023-04-27 00:00:00</subfield>
    <subfield code="t">7</subfield>
    <subfield code="w">2023-04-27</subfield>
    <subfield code="y">BOOKI</subfield>
  </datafield>
  <datafield tag="952" ind1=" " ind2=" ">
    <subfield code="0">0</subfield>
    <subfield code="1">0</subfield>
    <subfield code="4">0</subfield>
    <subfield code="7">0</subfield>
    <subfield code="8">HIS. MEDIC</subfield>
    <subfield code="a">BM</subfield>
    <subfield code="b">BM</subfield>
    <subfield code="d">2008-02-25</subfield>
    <subfield code="e">Material adquirido por donaci&#xF3;n</subfield>
    <subfield code="i">C990222</subfield>
    <subfield code="l">0</subfield>
    <subfield code="o">WL100 E5-03 v1</subfield>
    <subfield code="p">0721013</subfield>
    <subfield code="r">2023-04-27 00:00:00</subfield>
    <subfield code="t">8</subfield>
    <subfield code="w">2023-04-27</subfield>
    <subfield code="y">BOOKI</subfield>
  </datafield>
</record>
